000 00415nam a22001457a 4500
003 OSt
008 250707b |||||||| |||| 00| 0 eng d
020 _a9789380801377
082 _a891.431
_bY12K
100 _aDr. Jagdeep Yadav
245 _aकन्हयालाल मत्त सहयोगी अनुशीलन
260 _aNe Delhi
_bShivank Prakashan
_c2011
300 _avii,315p
942 _2ddc
_cHB
999 _c48380
_d48380